[Event "CZE-tht Extraliga 2017-18"]
[Site "Czech Republic"]
[Date "2017.12.03"]
[Round "4.4"]
[White "Hracek, Zbynek"]
[Black "Priehoda, Vitezslav"]
[Result "1-0"]
[WhiteElo "2613"]
[BlackElo "2360"]
[Annotator "TA"]
[PlyCount "123"]
[EventDate "2017.??.??"]
[EventType "team-tourn"]
[EventCountry "CZE"]
[SourceTitle "playchess.com"]
[Source "ChessBase"]
[SourceQuality "1"]

{[%evp 31,123,29,33,30,41,18,50,42,71,67,61,12,15,21,25,0,0,0,0,0,0,0,0,0,0,0,0,0,0,0,19,21,29,0,0,0,0,0,0,-9,0,0,23,6,33,6,60,18,91,91,139,133,133,129,125,101,146,139,139,135,128,89,126,126,119,120,170,177,172,162,233,213,202,53,429,229,410,28,217,206,192,161,393,388,1213,1197,1194,1179,1049,1029,1503,1063,1286,1268]} 1. e4 c5 2. Nf3 e6 3. d4 cxd4 4. Nxd4 Nf6 5. Nc3 Nc6 6. Ndb5 d6 7. Bf4 e5 8. Bg5 a6 9. Na3 b5 10. Bxf6 gxf6 11. Nd5 Bg7 12. Bd3 O-O 13. c3 Ne7 14. Nxe7+ Qxe7 15. Nc2 f5 16. Qh5 {B33: Sizilianisch (Lasker/Pelikan/Sweschnikow-Variante)} f4 {LiveBook: 6 Partien} 17. O-O-O (17. O-O Kh8 18. a4 bxa4 19. Rxa4 Bb7 20. Rfa1 f5 21. exf5 Bf6 22. Bxa6 Bc6 23. R4a3 {1-0 (37) Piorun,K (2640)-Markos,J (2559) Heraklio 2017}) 17... Be6 18. g3 {Weiß steht etwas besser.} Qf6 19. Kb1 Bh6 $146 ({Vorgänger:} 19... Qg6 20. Qe2 {1-0 (40) Szelag,M (2369)-Kukla,P (2101) Lubniewice 2002}) 20. Rhg1 Kh8 21. g4 Qg6 22. Qxg6 hxg6 23. g5 Bg7 24. Be2 Rfd8 25. Nb4 Bf8 26. Bg4 a5 {[#] Droht ...Lxg4 und aus.} 27. Nd5 Bxd5 28. Rxd5 Rdb8 29. h4 Be7 30. h5 Ra7 31. hxg6 fxg6 32. Be2 b4 33. c4 $1 Rc8 34. Kc2 Kg7 35. Rh1 Raa8 36. Kb3 Rc5 (36... Bxg5 {looks sharper.} 37. Rxd6 Be7 38. Re6 Bc5 39. Rg1 a4+) 37. Rhd1 Rac8 38. Rxc5 (38. Bg4 $5 {[%cal Rg4c8]} Rxd5 39. Rxd5 $14) 38... Rxc5 $14 {[%mdl 4096] Endspiel KTL-KTL} (38... dxc5 $11 39. Rd7 Kf7) 39. Ka4 Kf7 (39... Bxg5 $11 {hält das Gleichgewicht.} 40. Rxd6 f3 41. Bxf3 Rxc4) 40. b3 $16 Kf8 41. Bg4 Kg7 42. Bd7 Rc7 43. Bb5 Ra7 44. Bc6 Rc7 {[#]} 45. Kb5 $1 Rc8 46. Bd7 Rc7 47. Be6 Rc5+ 48. Ka6 Bxg5 49. Rxd6 {Und Kb6 würde nun gewinnen.} Be7 50. Rb6 Bd8 (50... f3 $142 51. Bg4 Rc7 52. Bxf3 (52. Kxa5 Bc5 $16) 52... Bc5) 51. Rb7+ Kf6 52. Bd5 (52. Bg4 $18 a4 53. Rxb4) 52... g5 $2 {[%mdl 8192]} ({Besser ist} 52... Bc7 $1 $14) 53. Rf7+ $18 Kg6 54. Rf5 $2 (54. Rd7 $18 Bf6 55. Bb7) 54... Bc7 $2 (54... g4 $1 $11) 55. Bf7+ Kg7 56. Bh5 Bd8 $2 (56... g4 {ist wohl besser.} 57. Bxg4 a4) 57. Rf7+ Kg8 $2 (57... Kh6) 58. Rd7 {Weiß steht klar auf Gewinn.} Bf6 59. Kb6 Rc8 60. c5 Ra8 61. f3 Rb8+ 62. Kc7 {Precision: Weiß = 63%, Schwarz = 30%.} 1-0

[Event "CZE-tht Extraliga 2017-18"]
[Site "Czech Republic"]
[Date "2017.12.03"]
[Round "4.4"]
[White "Simacek, Pavel"]
[Black "Plat, Vojtech"]
[Result "1/2-1/2"]
[WhiteElo "2504"]
[BlackElo "2560"]
[Annotator "TA"]
[PlyCount "33"]
[EventDate "2017.??.??"]
[EventType "team-tourn"]
[EventCountry "CZE"]
[SourceTitle "playchess.com"]
[Source "ChessBase"]
[SourceQuality "1"]

{[%evp 21,24,35,35,44,62]} 1. d4 Nf6 2. c4 g6 3. Nc3 d5 4. cxd5 Nxd5 5. Bd2 Bg7 6. e4 Nb6 7. Be3 O-O 8. h3 Nc6 9. Nf3 Na5 {D85: Exchange Grünfeld: Unusual White 7th moves and lines with 7 Nf3} 10. b3 c5 11. Rc1 cxd4 {LiveBook: 4 Games} 12. Nxd4 Bd7 {Predecessor:} 13. Be2 $146 Nc6 14. O-O Nxd4 15. Bxd4 Bxd4 16. Qxd4 Bc6 17. Qe3 {1-0 (53) Malakhov,V (2706)-Tomczak,J (2500) Warsaw 2009} 1/2-1/2

[Event "CZE-tht Extraliga 2017-18"]
[Site "Czech Republic"]
[Date "2017.12.03"]
[Round "4.4"]
[White "Jurcik, Marian"]
[Black "Velicka, Petr"]
[Result "0-1"]
[WhiteElo "2478"]
[BlackElo "2420"]
[Annotator "TA"]
[PlyCount "150"]
[EventDate "2017.??.??"]
[EventType "team-tourn"]
[EventCountry "CZE"]
[SourceTitle "playchess.com"]
[Source "ChessBase"]
[SourceQuality "1"]

{[%evp 13,150,23,38,38,38,38,39,37,55,45,47,44,62,43,39,32,53,34,61,56,62,46,61,51,45,34,61,54,83,53,55,55,55,62,93,95,87,55,55,55,55,55,95,55,72,3,3,0,0,-16,-16,-16,-16,-16,-16,-16,-16,-16,-16,-16,-16,-16,-16,-16,-16,-16,-16,-16,-16,-16,-16,-16,-16,-16,-16,-35,-16,-16,6,-9,-9,-9,-9,-9,-9,-9,-9,-9,-8,-8,-8,-72,-67,-91,-10,-14,-11,-64,-64,-129,-124,-131,-131,-135,-121,-92,-85,-278,-307,-332,-326,-305,-290,-269,-233,-542,-529,-449,-421,-412,-237,-239,-241,-1823,-1478,-29969,-29970,-29971,-29972,-29971,-29973,-29970,-29972,-29972,-29973,-29973,-29974,-29971,-5513]} 1. c4 c6 2. Nf3 d5 3. e3 Nf6 4. Nc3 Bg4 5. Qb3 Qb6 6. Ne5 {A11: English Opening: 1...c6} Be6 7. d4 {[%cal Bd2d4,Bd4e5][%mdl 32]} Nbd7 {LiveBook: 27 Games} 8. Bd2 $146 {White is slightly better.} ({Predecessor:} 8. f4 g6 9. Bd2 Bg7 10. Qa3 dxc4 11. Nxc4 Qd8 12. Ne5 O-O 13. Be2 a5 {1-0 (44) Nepomniachtchi,I (2714)-Romanov,E (2625) Jerusalem 2015}) 8... Nxe5 9. dxe5 Nd7 10. cxd5 Qxb3 11. axb3 Bxd5 12. Nxd5 cxd5 13. f4 e6 14. b4 Be7 15. Rc1 Bd8 16. Bd3 Bb6 17. e4 d4 18. Ke2 Ke7 19. Rc2 Rhc8 20. Rhc1 Kd8 21. Be1 g5 22. g3 Rxc2+ 23. Rxc2 Rc8 24. Rxc8+ Kxc8 $16 {[%mdl 4096] Endgame KBB-KBN} 25. h4 gxf4 26. gxf4 Kd8 27. h5 a6 28. Bc2 Ba7 29. Kd3 ({White should try} 29. b5 $16) 29... Nb8 $1 $11 30. Kc4 b5+ 31. Kb3 Nc6 32. Bd3 Ke8 33. Be2 Bb6 34. Bd3 Bd8 35. Be2 Be7 36. Bd3 Kf8 37. Be2 Kg7 38. Bd1 Kh6 39. Bd2 Bh4 40. Kc2 Kg7 41. Be2 Kf8 42. Bf1 Ke7 43. Kd3 Kd7 44. Bh3 Bf2 45. Ke2 Bg1 46. Kf3 h6 47. Bf1 $1 Be3 48. Bxe3 dxe3 49. Kxe3 {KB-KN} Kc7 50. Bh3 Nxb4 51. f5 Kd7 52. Bf1 (52. fxe6+ $11 {remains equal.} fxe6 53. Bf1) 52... Nc6 $17 53. Kf4 Na5 (53... Nd8 $17) 54. Ke3 $1 $11 Nb3 55. Kd3 (55. Be2 $11) 55... Kc6 $15 56. Bh3 (56. Kc3 $15 Nc5 57. Kd4) 56... a5 $17 57. Kc3 Nc5 58. Kd4 Kb6 59. Bg4 a4 60. Be2 $2 {[#]} (60. Bd1 $17) 60... Nb3+ $1 $19 61. Kc3 Kc5 62. Bd1 Nd4 63. fxe6 fxe6 (63... Nxe6 64. Kd3 $17) 64. Kd3 $2 (64. Bg4 {nothing else works.}) 64... Nc6 65. Kc3 {If White can now play Bg4 this consolidates a bit.} b4+ {[%cal Bb5b4,Bb4b3,Bb3b2][%mdl 32]} 66. Kd2 Kb5 ({Weaker is} 66... a3 67. bxa3 bxa3 68. Bb3 $17) (66... b3 $142 67. Kc3 Nxe5) 67. Bg4 Nd4 {Strongly threatening ...Kc4.} ({Not} 67... Nxe5 68. Bxe6 Kc5 69. Kc2 $17) 68. Kd3 $2 (68. Bd1) 68... Kc5 69. Bd1 b3 {Black mates.} (69... a3 $2 70. bxa3 bxa3 71. Kc3 $19) 70. Kc3 {[#]} Nb5+ $1 71. Kd3 Kb4 72. Bg4 a3 73. bxa3+ Kxa3 74. Bd1 b2 75. Bc2 Kb4 {Precision: White = 54%, Black = 76%.} (75... Ka2 $142 76. Ke3 b1=Q 77. Bxb1+ Kxb1 78. Kd3 Nc7 79. Kc3 Kc1 80. Kd3 Kd1 81. Ke3 Ne8 82. Kf3 Kd2 83. Kf2 Kd3 84. Kf3 Ng7 85. Kf4 Kd4 86. Kg3 Kxe4 87. Kf2 Nxh5 88. Kg2 Nf4+ 89. Kg3 h5 90. Kh4 Kxe5 91. Kg5 Ke4 92. Kh4 Kf3 93. Kg5 e5 94. Kf6 e4 95. Kf7 e3 96. Ke7 h4 97. Kf6 h3 98. Ke7 e2 99. Kd6 e1=Q 100. Kc5 Qe5+ 101. Kc4 h2 102. Kb4 h1=Q 103. Kc4 Qd5+ 104. Kb4 Nd3+ 105. Kc3 Qc1#) 0-1

[Event "CZE-tht Extraliga 2017-18"]
[Site "Czech Republic"]
[Date "2017.12.03"]
[Round "4.4"]
[White "Ponizil, Cyril"]
[Black "Rausis, Igors"]
[Result "0-1"]
[WhiteElo "2478"]
[BlackElo "2626"]
[Annotator "TA"]
[PlyCount "46"]
[EventDate "2017.??.??"]
[EventType "team-tourn"]
[EventCountry "CZE"]
[SourceTitle "playchess.com"]
[Source "ChessBase"]
[SourceQuality "1"]

{[%evp 12,46,17,-7,6,-7,9,4,0,12,25,-61,-53,-49,-46,-55,-49,-97,-98,-95,-74,-73,-106,-242,-234,-229,-126,-267,-249,-293,-288,-295,-278,-349,-352,-522,-527]} 1. e4 c6 2. d4 d5 3. e5 c5 4. dxc5 e6 5. a3 Bxc5 6. b4 {B12: Caro-Kann: Advance Variation} Bb6 (6... Be7 7. Nf3 a5 8. bxa5 Nc6 9. Bd3 Qxa5+ 10. Bd2 Qc7 11. O-O f6 12. exf6 Nxf6 {1-0 (33) Kravtsiv,M (2657)-Cheparinov,I (2703) Kocaeli 2017}) 7. Nf3 {LiveBook: 13 Games} a5 8. b5 {The position is equal.} Ne7 9. Bd3 Nd7 10. O-O Ng6 11. Re1 {[#]} ({Better is} 11. Bxg6 $11 hxg6 12. Bb2) 11... Ndxe5 $146 {[%mdl 512]} ({Predecessor:} 11... Qc7 12. Bb2 Nc5 {1-0 (24) Promyshlyanskiy,V (2303)-Buechmann,O (2143) Tegernsee 2017}) 12. Nxe5 (12. Rxe5 Nxe5) 12... Nxe5 13. Rxe5 {Black must now prevent Bb2.} Bd4 $36 {[%mdl 2048] Black has some pressure.} 14. Rg5 ({Don't go for} 14. Bg5 $2 Qc7 $19) 14... Bxa1 15. c3 Qf6 16. Rg3 e5 17. Bc2 (17. Qc2 $17) 17... Bf5 $19 18. Bg5 {[#]} Qg6 (18... Qe6 $1 $19 {Hoping for ...Bxc2.} 19. Bxf5 Qxf5) 19. Ba4 (19. Bb3 $17) 19... Qd6 ({Don't do} 19... Bxb1 20. b6+ Kf8 {[#]} 21. Be7+ $1 {[%mdl 512]} Kxe7 22. Rxg6 $19) 20. b6+ Kf8 21. Nd2 h6 22. Nc4 Qe6 23. Nxe5 (23. Be3 $142 dxc4 24. Qxa1) 23... Qxe5 {Precision: White = 22%, Black = 60%.} 0-1

[Event "CZE-tht Extraliga 2017-18"]
[Site "Czech Republic"]
[Date "2017.12.03"]
[Round "4.4"]
[White "Kalod, Radek"]
[Black "Straka, Vojtech"]
[Result "1/2-1/2"]
[WhiteElo "2476"]
[BlackElo "2337"]
[Annotator "TA"]
[PlyCount "65"]
[EventDate "2017.??.??"]
[EventType "team-tourn"]
[EventCountry "CZE"]
[SourceTitle "playchess.com"]
[Source "ChessBase"]
[SourceQuality "1"]

{[%evp 40,65,43,18,47,54,41,39,41,52,55,30,39,14,11,14,13,15,15,14,14,10,8,8,15,6,9,19]} 1. e4 c5 2. Nf3 g6 3. d4 cxd4 4. Nxd4 Nc6 5. c4 Nf6 6. Nc3 d6 7. Be2 Nxd4 8. Qxd4 Bg7 9. Be3 O-O 10. Qd2 Be6 11. Rc1 Qa5 12. f3 Rfc8 13. b3 a6 14. Na4 Qxd2+ 15. Kxd2 Nd7 16. g4 f5 17. exf5 {B36: Sicilian: Maroczy Bind: Gurgenidze System} gxf5 18. h3 Rf8 19. f4 Rad8 20. g5 Nc5 21. Nc3 {LiveBook: 4 Games} Ne4+ 22. Nxe4 fxe4 23. Bg4 Bf5 24. Bb6 Rde8 {[#] next ...Bxg4 is good for Black.} 25. Rhf1 $146 e5 {[#] Strongly threatening ...Bxg4.} 26. Ke3 (26. Bxf5 {keeps more tension.} Rxf5 27. fxe5 Rfxe5 28. h4 R5e6 29. Be3) 26... Bxg4 {The position is equal.} 27. hxg4 {And now f5 would win.} exf4+ 28. Rxf4 Rxf4 29. Kxf4 $11 {KRB-KRB} Kf7 30. Re1 Kg6 31. Rxe4 Be5+ 32. Kf3 Kxg5 33. Be3+ 1/2-1/2

[Event "CZE-tht Extraliga 2017-18"]
[Site "Czech Republic"]
[Date "2017.12.03"]
[Round "4.5"]
[White "Krejci, Jan"]
[Black "Vykouk, Jan"]
[Result "1/2-1/2"]
[WhiteElo "2566"]
[BlackElo "2430"]
[Annotator "TA"]
[PlyCount "158"]
[EventDate "2017.??.??"]
[EventType "team-tourn"]
[EventCountry "CZE"]
[SourceTitle "playchess.com"]
[Source "ChessBase"]
[SourceQuality "1"]

{[%evp 20,158,24,21,25,0,0,0,-6,-1,-2,-14,0,-24,0,0,0,-27,-15,-23,-22,-77,-72,-68,-68,-84,-84,-84,-83,-83,-74,-78,-77,-75,-82,-81,-71,-100,-81,-113,-113,-115,-80,-80,-78,-83,-88,-90,-94,-136,-135,-129,-125,-183,-107,-107,-100,-100,-100,-132,-145,-132,-71,-71,-71,-71,-71,-71,-71,-71,-71,-71,0,-71,0,0,0,0,0,0,0,0,0,0,0,0,0,0,0,0,0,0,0,0,0,0,0,0,0,0,0,0,0,0,0,0,0,0,0,0,0,0,0,0,0,0,0,0,0,0,0,0,0,0,0,0,0,0,0,0,0,0,0,0,0,0,0,0,0,0,0]} 1. d4 d5 2. c4 c6 3. Nc3 Nf6 4. e3 a6 5. Qc2 e6 6. Nf3 c5 7. a3 {D45: Semi-Slav: 5 e3} (7. cxd5 exd5 8. Be2 Be6 9. O-O Nc6 10. Rd1 cxd4 11. Nxd4 Nxd4 12. Rxd4 Bc5 13. Rd1 Qe7 14. Na4 Ba7 15. Bxa6 O-O {½-½ (34) Wagner,D (2564)-Riazantsev,A (2666) Douglas 2017}) 7... cxd4 8. exd4 dxc4 9. Bxc4 b5 10. Ba2 Bb7 11. Qe2 {LiveBook: 5 Games} Be7 12. Bg5 Nbd7 13. O-O Nb6 14. Rad1 O-O {[#]} 15. Bb1 $146 Nbd5 16. Nxd5 Nxd5 17. Qe4 {[%csl Gb1][%cal Re4h7]} g6 18. h4 Rb8 19. Qg4 Nf6 $36 {[%mdl 2048] Black is more active.} 20. Qf4 (20. Qh3 $11) 20... Nh5 $1 $17 {[%cal Rh5f4]} 21. Qe3 Bxf3 22. Bxe7 Qxe7 23. Qxf3 Qxh4 24. d5 exd5 25. Rxd5 Rbd8 26. Rfd1 Rxd5 27. Qxd5 Qf6 28. b4 Nf4 29. Qf3 Re8 30. Bd3 Qe5 31. Bf1 Ne2+ 32. Bxe2 Qxe2 33. Qxe2 Rxe2 {[%mdl 4096] Endgame KR-KR} 34. Rd8+ Kg7 35. Ra8 Re6 36. Kf1 {[#]} (36. Rc8 $17) 36... h5 (36... Rc6 $1 $19 37. Ke2 Kf6) 37. Rc8 g5 38. Rc5 f6 39. g3 Kg6 40. Kg2 {[#]} Rd6 (40... Rb6 $142 $1 41. Rc7 Re6) 41. a4 bxa4 42. Ra5 Rb6 43. Rxa4 Kf5 44. Kf3 Ke5 45. Ke3 Kf5 (45... Kd5 $17 {Strongly threatening ...Kc4.} 46. Kd3 f5) 46. f3 (46. Kf3 $1 $11 {keeps the balance.}) 46... h4 (46... Kg6 $17) 47. gxh4 $1 $11 {The position is equal.} gxh4 48. Ra5+ Kg6 49. Kf2 f5 50. Ra4 Kg5 51. Kg2 Rd6 52. Kh3 Rd3 53. Kg2 Rd2+ 54. Kh3 Rd3 55. Kg2 Rb3 56. Rxa6 Rxb4 57. Ra2 Kf4 58. Kf2 h3 59. Rc2 Rd4 {Hoping for ...Ra4.} 60. Ra2 h2 61. Kg2 Rd3 (61... h1=Q+ {with more complications.} 62. Kxh1 Kxf3) 62. Kxh2 Kxf3 63. Ra8 f4 64. Rf8 Rd6 65. Kg1 Rd1+ 66. Kh2 Rd2+ 67. Kg1 Rg2+ 68. Kf1 Ra2 {[%cal Ra2a1]} (68... Rb2 {feels hotter.} 69. Kg1 Rb1+ 70. Kh2 Rb3 71. Rg8 Rb2+) 69. Kg1 Ra1+ 70. Kh2 Re1 {Threatens to win with ...Re6.} 71. Rf7 Re4 {...Kf2 is the strong threat.} 72. Kg1 Re1+ 73. Kh2 Rf1 74. Ra7 Rf2+ 75. Kg1 {Black must now prevent Ra3+.} Rg2+ (75... Rd2 $5) 76. Kf1 {And now Ra3+ would win.} Rc2 {[%cal Rc2c1]} (76... Rb2 $5 77. Ra3+ $8 Kg4 $11) 77. Ra3+ Kg4 78. Rb3 Rc1+ 79. Kf2 Rc2+ {Precision: White = 73%, Black = 63%.} 1/2-1/2

[Event "CZE-tht Extraliga 2017-18"]
[Site "Czech Republic"]
[Date "2017.12.03"]
[Round "4.5"]
[White "Kociscak, Jiri"]
[Black "Svoboda, Vaclav"]
[Result "1-0"]
[WhiteElo "2473"]
[BlackElo "2424"]
[Annotator "TA"]
[PlyCount "109"]
[EventDate "2017.??.??"]
[EventType "team-tourn"]
[EventCountry "CZE"]
[SourceTitle "playchess.com"]
[Source "ChessBase"]
[SourceQuality "1"]

{[%evp 25,109,-8,-10,-22,-21,-23,-19,-26,-7,-6,0,-4,-2,-10,0,0,0,0,0,-12,-12,-9,-9,-11,-11,-23,-18,-38,0,0,0,0,0,0,0,0,0,-8,0,0,0,0,0,0,0,0,0,0,0,0,0,0,0,0,0,0,0,0,0,4,16,2,32,13,8,47,177,185,250,249,224,232,272,274,439,412,379,245,206,206,195,181,925,861,5073,3527]} 1. d4 Nf6 2. c4 e6 3. Nf3 d5 4. g3 Be7 5. Bg2 O-O 6. O-O dxc4 7. Qc2 a6 8. Qxc4 b5 9. Qc2 Bb7 10. Bf4 Bd6 11. Bxd6 cxd6 12. Nbd2 Nbd7 13. Rac1 Rc8 14. Qd3 {E05: Open Catalan: 5 Nf3 Be7} Qb6 15. Nh4 (15. e4 Rfd8 16. Nh4 Rxc1 17. Rxc1 Rc8 18. Rxc8+ Bxc8 19. d5 exd5 20. exd5 Ne5 21. Qc3 Bd7 {½-½ (29) Gierulski,K (1955)-Przybek,T (2210) Pstragowa 2014}) 15... Bxg2 16. Nxg2 {The position is equal.} Qb7 $146 ({Predecessor:} 16... a5 17. Nf3 d5 18. Rc2 Rc6 19. Rfc1 Rfc8 20. Ne3 b4 21. Kg2 Ne4 {0-1 (56) Bozic,A-Gligoric,S Belgrade 1948}) 17. Nb3 Rxc1 18. Rxc1 Rc8 19. Rc2 Rc7 20. Ne3 Nb6 21. Na5 Qc8 22. Rxc7 Qxc7 23. Qc2 Qxc2 24. Nxc2 $11 {[%mdl 4096] Endgame KNN-KNN} Na4 25. Nb4 Nxb2 26. Nxa6 Nd5 27. Kf1 Kf8 28. Ke1 Ke7 29. Kd2 Na4 30. Nc6+ Kd7 31. Nab4 Ndc3 32. Na5 Ne4+ 33. Ke3 Nec3 34. f3 Nb6 35. Kd2 Nbd5 (35... Nca4 {with more complications.} 36. Kd3 Nb2+ 37. Kc3 N6a4+ 38. Kc2 Nc4) 36. Nxd5 Nxd5 {KN-KN} 37. e4 Nb4 38. a3 Na6 39. Kc3 Kc7 40. Nb3 Kc6 41. Nc1 Nc7 42. Nd3 g6 43. h4 f5 44. Nf4 fxe4 45. fxe4 {And now Nxe6! would win.} Kd7 {[#]} (45... Kb6 $1 $14) 46. Kb4 $1 $18 e5 (46... Kc8 $142 47. d5 e5) 47. dxe5 dxe5 48. Nd3 Ne8 49. Nxe5+ Ke6 $2 (49... Kc7 {was called for.} 50. Kc5 (50. Kxb5 Nd6+ 51. Kb4 Nxe4 $16) 50... Nf6) 50. Nf3 Nd6 51. Nd4+ Ke5 52. Nxb5 Nxe4 53. a4 {[%cal Ba3a4,Ba4a5][%mdl 32] [#] Hoping for a5.} Nxg3 $2 (53... Ke6 54. a5 Kd7) 54. Kc5 (54. a5 Kd5 $16) 54... Ke6 55. a5 {Precision: White = 78%, Black = 38%.} 1-0

[Event "CZE-tht Extraliga 2017-18"]
[Site "Czech Republic"]
[Date "2017.12.03"]
[Round "4.5"]
[White "Kanovsky, David"]
[Black "Shirov, Alexei"]
[Result "1/2-1/2"]
[WhiteElo "2405"]
[BlackElo "2640"]
[Annotator "TA"]
[PlyCount "100"]
[EventDate "2017.??.??"]
[EventType "team-tourn"]
[EventCountry "CZE"]
[SourceTitle "playchess.com"]
[Source "ChessBase"]
[SourceQuality "1"]

{[%evp 21,100,19,31,24,27,21,29,20,25,25,30,4,4,4,4,4,5,6,14,4,14,0,2,12,16,0,0,0,19,0,0,0,24,34,31,0,12,0,8,0,6,0,0,0,0,0,0,0,0,0,0,-2,0,0,0,0,0,0,0,0,0,0,0,0,0,0,0,0,0,0,0,0,0,0,0,0,0,0,0,0,0]} 1. e4 e5 2. Nf3 Nc6 3. Bc4 Bc5 4. c3 Nf6 5. d3 O-O 6. O-O d5 7. exd5 Nxd5 8. a4 {C54: Giuoco Piano: 4 c3 Nf6, main lines with 5 d4 and 5 d3} a5 9. Nbd2 Nb6 10. Bb5 Bd6 11. Ne4 Bg4 {LiveBook: 3 Games} 12. Re1 Na7 13. h3 Bh5 14. d4 Nxb5 15. axb5 exd4 {[#]} 16. g4 $146 ({Predecessor:} 16. Nxd6 Bxf3 17. Qxf3 Qxd6 {½-½ (43) Kramnik,V (2812)-Aronian,L (2792) Paris 2016}) 16... Bg6 17. Nxd6 Qxd6 18. Qxd4 Qxd4 19. Nxd4 a4 20. Bf4 Rfc8 21. Bg3 c5 22. bxc6 bxc6 23. Re7 Nc4 24. Rb7 c5 25. Nf5 Bxf5 26. gxf5 a3 27. bxa3 Rxa3 28. Rd1 Rxc3 {The position is equal.} 29. Rdd7 Rf8 30. Rbc7 h5 31. Rxc5 {[#] Rdc7 is the strong threat.} Nb6 32. Rxc3 Nxd7 $11 {[%mdl 4096] Endgame KRB-KRN} 33. Kg2 Ra8 34. Rc7 Nf6 35. Bh4 Nd5 36. Rc4 f6 37. Bg3 Ra5 38. Bd6 Ra6 39. Rc8+ Kh7 40. Rd8 Ra2 41. Bc5 Nc3 42. Rd4 Ra5 43. Bb4 Ne2 44. Re4 Ra4 45. Kf3 Nc1 {Hoping for ...Nd3.} 46. Bd2 Ra3+ 47. Kg2 Nd3 48. Rh4 Kg8 49. Rxh5 Ra4 (49... Ra2 $5 50. Be3 $8 Ra5 $11) 50. Be3 Ne5 {Precision: White = 64%, Black = 86%.} 1/2-1/2

[Event "CZE-tht Extraliga 2017-18"]
[Site "Czech Republic"]
[Date "2017.12.03"]
[Round "4.5"]
[White "Szotkowski, Jakub"]
[Black "Polak, Tomas"]
[Result "0-1"]
[WhiteElo "2377"]
[BlackElo "2516"]
[Annotator "TA"]
[PlyCount "122"]
[EventDate "2017.??.??"]
[EventType "team-tourn"]
[EventCountry "CZE"]
[SourceTitle "playchess.com"]
[Source "ChessBase"]
[SourceQuality "1"]

{[%evp 25,122,30,39,47,42,39,50,54,56,35,37,20,59,35,58,34,34,35,44,19,23,23,26,19,33,31,31,0,0,0,0,0,20,22,29,0,0,-27,-22,-50,-55,-84,-44,-178,-186,-165,-133,-117,-114,-157,-164,-164,-172,-171,-156,-182,-179,-168,-170,-187,-186,-184,-172,-162,-160,-168,-147,-166,-178,-202,-176,-202,-202,-194,-195,-194,-187,-194,-193,-454,-183,-543,-529,-1337,-1396,-1691,-1554,-1505,-1209,-4631,-4627,-4622,-752,-7391,-4622,-2342,-3410,-29968,-9795]} 1. d4 Nf6 2. c4 e6 3. g3 d5 4. Bg2 Be7 5. Nf3 c6 6. O-O Nbd7 7. Qc2 b6 8. Nbd2 Bb7 9. e4 O-O 10. e5 Ne8 11. cxd5 cxd5 12. Re1 {E09: Closed Catalan: Main Line: 7 Qc2 c6 8 Nbd2} Qc7 (12... Rc8 13. Qd1 Qc7 14. Nb1 b5 15. Bf1 b4 16. Bd3 h6 17. Bf4 Qb6 18. Nbd2 Ba6 19. Bc2 f5 20. exf6 Rxf6 {1-0 (32) Gelfand,B (2729)-Stupak,K (2573) Tbilisi 2017}) 13. Qa4 Qc6 {LiveBook: 9 Games} 14. Qxc6 {White is slightly better.} Bxc6 15. Nf1 {[%cal Bd2f1,Bf1e3,Be3c2,Bc2b4][%mdl 32]} Bb5 $146 ({Predecessor:} 15... Nc7 16. Bd2 Rfc8 17. Rec1 Na6 18. Ne3 Bb7 19. Bf1 Rxc1 20. Rxc1 {½-½ (80) Abel,D (2427)-Sarbok,T (2349) Germany 2011}) 16. Bg5 Bxg5 17. Nxg5 h6 18. Nh3 Nc7 {[%cal Be8c7,Bc7b5,Bb5a3][%mdl 32]} 19. Ne3 Rac8 20. Nf4 Ba6 21. h4 Nb8 22. Rac1 Nb5 {And now ...Rxc1 would win.} 23. Ne2 Nc6 24. Nc2 Na5 25. Nb4 Bb7 26. b3 Na3 27. Bf1 Nc6 28. Nxc6 Bxc6 29. Nc3 Bd7 30. Ba6 Rc6 {White must now prevent ...b5.} 31. Ne2 Rc2 32. Bd3 Rxa2 33. Rc7 Rd2 34. Nc1 (34. Rxa7 $15 Rxd3 35. Rxa3) 34... Bb5 $36 {[%mdl 2048] Black has strong initiative.} 35. Rxa7 Nc2 36. Bxc2 Rxc2 37. Ra2 Rfc8 38. Rxc2 Rxc2 {[%mdl 4096] Endgame KRB-KRN} 39. Rd1 g5 40. hxg5 hxg5 41. g4 Rc3 42. Kg2 {[#]} f6 $1 {[%mdl 512]} 43. exf6 Kf7 44. Re1 Kxf6 45. Rh1 Be8 46. Rd1 Bg6 47. f3 Bc2 48. Rh1 Bxb3 49. Nxb3 Rxb3 {KR-KR} 50. Rh6+ {[#]} Kf7 $1 51. Rh7+ Kg6 52. Rc7 $2 (52. Rb7) 52... Rb2+ (52... b5 $142 53. Kf2 Rd3) 53. Kg3 $2 (53. Kf1 {nothing else works.}) 53... b5 {[%cal Bb6b5,Bb5b4,Bb4b3,Bb3b2][%mdl 32]} 54. Rb7 b4 55. Rb6 Kf6 56. Rb7 b3 57. Rb6 Rb1 58. Kg2 Ke7 (58... b2 $142 59. Kh2 Ke7 60. Rb7+ Kd6 61. Rb6+ Kc7) 59. Kf2 b2 60. Kg2 {[#]} e5 $1 {[%mdl 512]} 61. dxe5 d4 {Precision: White = 37%, Black = 65%.} 0-1